Organizational behavior (E-Book) (Record no. 218030)

000 -LEADER
fixed length control field 00634 a2200241 4500
003 - CONTROL NUMBER IDENTIFIER
control field Nust
005 - DATE AND TIME OF LATEST TRANSACTION
control field 20170207171638.0
010 ## - LIBRARY OF CONGRESS CONTROL NUMBER
LC control number 2011038674
020 ## - INTERNATIONAL STANDARD BOOK NUMBER
International Standard Book Number 0132834871
020 ## - INTERNATIONAL STANDARD BOOK NUMBER
International Standard Book Number 9780132834872
035 ## - SYSTEM CONTROL NUMBER
System control number (OCoLC)ocn755904469
040 ## - CATALOGING SOURCE
Transcribing agency Nust
082 00 - DEWEY DECIMAL CLASSIFICATION NUMBER
Classification number 658.3
100 1# - MAIN ENTRY--PERSONAL NAME
Personal name Robbins, Stephen P.,
245 10 - TITLE STATEMENT
Title Organizational behavior (E-Book)
Statement of responsibility, etc. Stephen P. Robbins, Timothy A. Judge.
250 ## - EDITION STATEMENT
Edition statement 15th ed.
260 ## - PUBLICATION, DISTRIBUTION, ETC.
Place of publication, distribution, etc. Boston :
Name of publisher, distributor, etc. Pearson,
Date of publication, distribution, etc. c2013.
300 ## - PHYSICAL DESCRIPTION
Extent xxxiv, 676 p. :
Other physical details col. ill. ;
Dimensions 29 cm.
500 ## - GENERAL NOTE
General note Includes indexes.
650 #0 - SUBJECT ADDED ENTRY--TOPICAL TERM
Topical term or geographic name entry element Organizational behavior.
651 ## - SUBJECT ADDED ENTRY--GEOGRAPHIC NAME
Geographic name E-Book
700 1# - ADDED ENTRY--PERSONAL NAME
Personal name Judge, Tim.
942 ## - ADDED ENTRY ELEMENTS (KOHA)
Source of classification or shelving scheme
Koha item type Book
Holdings
Withdrawn status Lost status Source of classification or shelving scheme Damaged status Not for loan Collection code Permanent Location Current Location Date acquired Total Checkouts Full call number Barcode Date last seen Price effective from Koha item type
            Military College of Signals (MCS) Military College of Signals (MCS) 12/12/2016   658.3 ROB MCSEB-1785 12/08/2016 12/12/2016 Book
© 2023 Central Library, National University of Sciences and Technology. All Rights Reserved.